<?xml version="1.0" encoding="UTF-8"?><?xml-stylesheet type="text/xsl" href="static/style.xsl"?><OAI-PMH xmlns="http://www.openarchives.org/OAI/2.0/" xmlns:xsi="http://www.w3.org/2001/XMLSchema-instance" xsi:schemaLocation="http://www.openarchives.org/OAI/2.0/ http://www.openarchives.org/OAI/2.0/OAI-PMH.xsd"><responseDate>2026-04-14T03:49:57Z</responseDate><request verb="GetRecord" identifier="oai:www.recercat.cat:2072/436229" metadataPrefix="marc">https://recercat.cat/oai/request</request><GetRecord><record><header><identifier>oai:recercat.cat:2072/436229</identifier><datestamp>2026-03-13T05:27:10Z</datestamp><setSpec>com_2072_98</setSpec><setSpec>col_2072_378192</setSpec></header><metadata><record xmlns="http://www.loc.gov/MARC21/slim" xmlns:dcterms="http://purl.org/dc/terms/" xmlns:xsi="http://www.w3.org/2001/XMLSchema-instance" xmlns:doc="http://www.lyncode.com/xoai" xsi:schemaLocation="http://www.loc.gov/MARC21/slim http://www.loc.gov/standards/marcxml/schema/MARC21slim.xsd">
   <leader>00925njm 22002777a 4500</leader>
   <datafield ind2=" " ind1=" " tag="042">
      <subfield code="a">dc</subfield>
   </datafield>
   <datafield ind2=" " ind1=" " tag="720">
      <subfield code="a">Yáñez-Urbina, Cristopher</subfield>
      <subfield code="e">author</subfield>
   </datafield>
   <datafield ind2=" " ind1=" " tag="720">
      <subfield code="a">Reyes Espejo, María Isabel</subfield>
      <subfield code="e">author</subfield>
   </datafield>
   <datafield ind2=" " ind1=" " tag="260">
      <subfield code="c">2019</subfield>
   </datafield>
   <datafield ind2=" " ind1=" " tag="520">
      <subfield code="a">En el marco de la implementación del proyecto neoliberal en Chile, indagamos en las implicancias comunicacionales y políticas de la presencia del formato banner en la promoción de planes, programas y proyectos sociales disponibles en la oferta pública en las páginas webs de los Ministerios del Gobierno de Chile. Discutimos tres aristas: el desarrollo de un Gobierno Electrónico; la distinción entre propaganda y publicidad; y la racionalidad técnica que se observa su uso. Concluimos que este formato no es impulsado por el desarrollo tecnológico sino por una serie de cambios tanto en sistema político como en la cultura del país. Por lo que su articulación con las tecnologías se desarrolla como forma de gestionar de manera óptima los cambios, dando por resultado la emergencia de un tipo de sujeto que, inspirado en las figuras del empresario de sí mismo y del ciudadano credit card, se denomina como ciudadano on-line.</subfield>
   </datafield>
   <datafield ind2=" " ind1=" " tag="520">
      <subfield code="a">Within the framework of the implementation of the neoliberal project in Chile, we investigate the communicational and political implications of the presence of the banner format in the promotion of plans, programs and social projects available in the public offering on the websites of the Government Ministries of Chile. We discuss three aspects: the development of an Electronic Government; the distinction between advertising and publicity; and the technical rationality that its use is observed. We conclude that this format is not driven by technological development but by a series of changes in both the political system and the country's culture. So its articulation with technologies is developed as a way to optimally manage changes, resulting in the emergence of a type of subject that, inspired by the figures of the "entrepreneurial self" and the "citizen credit card", is called as "on-line citizen".</subfield>
   </datafield>
   <datafield tag="653" ind2=" " ind1=" ">
      <subfield code="a">Banner</subfield>
   </datafield>
   <datafield tag="653" ind2=" " ind1=" ">
      <subfield code="a">Política pública</subfield>
   </datafield>
   <datafield tag="653" ind2=" " ind1=" ">
      <subfield code="a">Gobierno electrónico</subfield>
   </datafield>
   <datafield tag="653" ind2=" " ind1=" ">
      <subfield code="a">Neoliberalismo</subfield>
   </datafield>
   <datafield tag="653" ind2=" " ind1=" ">
      <subfield code="a">Public policies</subfield>
   </datafield>
   <datafield tag="653" ind2=" " ind1=" ">
      <subfield code="a">Electronic government</subfield>
   </datafield>
   <datafield tag="653" ind2=" " ind1=" ">
      <subfield code="a">Neoliberalism</subfield>
   </datafield>
   <datafield ind2="0" ind1="0" tag="245">
      <subfield code="a">Racionalidad técnica y liderazgo : análisis del formato banner en la oferta de la política pública</subfield>
   </datafield>
</record></metadata></record></GetRecord></OAI-PMH>